000
00404nam a2200145Ia 4500
008
100204s9999 xx 000 0 und d
082
_b
16958
100
_a
काळे व. पु.
245
_a
हंुकार
260
_b
"राजा प्रकाशन , मुबई"
_c
1986 2
300
_a
149
630
_a
हंुकार
730
_a
हंुकार
942
_c
BOOK
999
_c
461381
_d
461378